| 000 | 01042nam0a22002651 4500 | ||
|---|---|---|---|
| 001 | rc\49038 | ||
| 005 | 20050330130747.2 | ||
| 035 | _a(NLR Aleph) 008746304 | ||
| 090 |
_a9552462 _c9552462 |
||
| 100 | _a20021216d1991 u |0rusy50 ca | ||
| 101 | 0 | _arus | |
| 102 | _aRU | ||
| 105 | _ay ||||||||| | ||
| 200 | 1 |
_aНа вершине Олимпа _e(Герои древнегреч. мифологии) _f[Авт.-сост. Новиченко Н.Р., к. филос. н.] _gО-во "Знание" УССР, Респ. центр духов. культуры |
|
| 210 |
_aКиев _cБ. и. _d1991 |
||
| 215 |
_a54 с. _d20 |
||
| 606 | 1 |
_aМифы древнегреческие _2nlr_sh1 |
|
| 700 | 1 |
_aНовиченко _bН. Р. _gНиколай Романович |
|
| 712 | 0 | 2 |
_aУкраинский респ. центр духовной культуры _cКиев _3RU\NLR\AUTH\889926961 |
| 801 | 0 |
_aRU _bNLR _gpsbo |
|
| 801 | 1 |
_aRU _bELAR _2rusmarc |
|
| 801 | 2 |
_aRU _bNLR _c20050330 _2rusmarc |
|
| 852 |
_aNLR _j91-4/9877 |
||
| 942 | _cBOOK | ||
| 980 | _aNB | ||